| 000 | 00543nam a22001817a 4500 | ||
|---|---|---|---|
| 999 |
_c61207 _d61207 |
||
| 005 | 20240108144414.0 | ||
| 008 | 240108s1967 ru ||||| |||| 00| 0 rus d | ||
| 041 | _arus | ||
| 080 | _a72(32)(091) X-69 | ||
| 100 |
_aХоджаш, С.И. _920955 |
||
| 245 |
_aКаир / _cС.И. Ходжаш. |
||
| 264 |
_aМ.: _bИскусство, _c1967. |
||
| 300 |
_a183 с., _b ил.; _c17 cm. |
||
| 440 |
_aГорода и музеи мира _920091 |
||
| 653 | _aკაირო | ||
| 653 | _aისტორია | ||
| 942 |
_2udc _cᲬᲘᲒᲜᲘ |
||